书目信息 |
| 书名: | Secretariat | |
| 作者: | William Nack | |
| 分册号: | ||
| 分册名: | 出版地: | New York |
|
| 出版社: | Hyperion | |
| 出版时间: | 2010 | |
| 页数: | 455P | |
| 开本: | 21CM | |
| 丛书名: | ||
| 中图分类号: | ||
| 科图分类号: | ||
| 其他分类号: | J951.1 | |
| 主题词: | ||
| 电子资源: | ||
| 000 | 00354nam0 2200133 450 | |
| 001 | 202012002419 | |
| 005 | 20121127155958.0 | |
| 008 | 12112701s | |
| 020 | @a9781401324018@c$16.99 | |
| 099 | @dJ951.1@eW718 | |
| 245 | @aSecretariat @cWilliam Nack | |
| 260 | 0 | @aNew York@bHyperion@c2010 |
| 300 | @a455P@c21CM | |
| 905 | @aTSG@b12901@dJ951.1@eW718 | |
| Secretariat / William Nack.-New York : Hyperion , 2010 |
| 455P ; 21CM |
| ISBN 9781401324018$16.99 |
| ● |
| 相关链接 |
|
|
|
正题名:Secretariat
索取号:J951.1/W718
 
预约/预借
| 序号 | 登录号 | 条形码 | 馆藏地/架位号 | 状态 | 备注 |
| 1 | 12901 | 300129019 | 社科库309/309社科库 994排2列2层/ [索取号:J951.1/W718] | 在馆 |